Charges and Plea Bargaining Practices Under Determinate Sentencing: An Investigation of the Hydraulic Displacement of Discretion

Gespeichert in:  
Bibliographische Detailangaben
1. VerfasserIn: Miethe, T.D. (Verfasst von)
Medienart: Elektronisch Aufsatz
Sprache:Englisch
Veröffentlicht: 1987
In: The journal of criminal law and criminology
Jahr: 1987, Band: 78, Seiten: 101-122
Online-Zugang: Volltext (lizenzpflichtig)
Verfügbarkeit prüfen: HBZ Gateway

MARC

LEADER 00000caa a22000002c 4500
001 191247669X
003 DE-627
005 20250127054934.0
007 cr uuu---uuuuu
008 241217s1987 xx |||||o 00| ||eng c
035 |a (DE-627)191247669X 
035 |a (DE-599)KXP191247669X 
040 |a DE-627  |b ger  |c DE-627  |e rda 
041 |a eng 
084 |a 2,1  |2 ssgn 
100 1 |a Miethe, T.D.  |e VerfasserIn  |4 aut 
245 1 0 |a Charges and Plea Bargaining Practices Under Determinate Sentencing: An Investigation of the Hydraulic Displacement of Discretion 
264 1 |c 1987 
336 |a Text  |b txt  |2 rdacontent 
337 |a Computermedien  |b c  |2 rdamedia 
338 |a Online-Ressource  |b cr  |2 rdacarrier 
773 0 8 |i Enthalten in  |t The journal of criminal law and criminology  |d Chicago, Ill. : Northwestern Univ. School of Law, 1931  |g 78(1987), Seite 101-122  |h Online-Ressource  |w (DE-627)482305657  |w (DE-600)2181896-4  |w (DE-576)294343008  |x 2160-0015  |7 nnas 
773 1 8 |g volume:78  |g year:1987  |g pages:101-122 
787 0 8 |i Forschungsdaten  |a Miethe, Terance  |t Evaluation of Minnesota's Felony Sentencing Guidelines, 1978-1984  |d [Erscheinungsort nicht ermittelbar] : [Verlag nicht ermittelbar], 1989  |w (DE-627)184005963X 
856 4 0 |u http://www.jstor.org/stable/1143578  |x Verlag  |z lizenzpflichtig  |3 Volltext  |7 1 
935 |a mkri 
951 |a AR 
ELC |a 1 
LOK |0 000 xxxxxcx a22 zn 4500 
LOK |0 001 4637442192 
LOK |0 003 DE-627 
LOK |0 004 191247669X 
LOK |0 005 20241217044218 
LOK |0 008 241217||||||||||||||||ger||||||| 
LOK |0 035   |a (DE-2619)ICPSR21467 
LOK |0 040   |a DE-2619  |c DE-627  |d DE-2619 
LOK |0 092   |o n 
LOK |0 852   |a DE-2619 
LOK |0 852 1  |9 00 
LOK |0 935   |a nacp 
LOK |0 939   |a 17-12-24  |b l01 
ORI |a SA-MARC-krimdoka001.raw